Les présidents des Etats-Unis - Images - Statistiques

Statistiques générales
  • Ce quiz a été pris 402 fois
  • Le résultat moyen est 27 sur 44
Statistiques - réponses
Par images Réponse % Correct
Obama
97%
Trump
96%
Bush
94%
Bush
94%
Kennedy
94%
Washington
94%
Clinton
93%
Lincoln
91%
Reagan
89%
Nixon
87%
Roosevelt
87%
Roosevelt
87%
Eisenhower
75%
Truman
75%
Carter
73%
Ford
71%
Jefferson
70%
Johnson
68%
Johnson
68%
Wilson
63%
Adams
61%
Adams
61%
Hoover
56%
Grant
53%
Monroe
48%
Jackson
46%
Madison
46%
Cleveland
42%
Garfield
41%
Coolidge
40%
Harrison
39%
Harrison
39%
Taft
39%
Mckinley
37%
Van Buren
37%
Polk
36%
Arthur
35%
Buchanan
35%
Harding
35%
Taylor
35%
Fillmore
34%
Pierce
33%
Tyler
33%
Hayes
32%
Aucun quiz correspondant
Distribution des résultats
% des personnes avec chaque résultat
Percentile par nombre de réponses
Votre historique - résultats
Vous n’avez pas pris ce quiz